000 00659nam a2200217Ia 4500
003 GCL
008 140319s9999 xx 000 0 ara d
040 _aGCL /
_cGCL
082 0 4 _a627.52
_bأ أ
100 1 _aمحمد نجيب عبدالعظيم
245 1 0 _aاساسيات الرى والصرف /
_cمحمد نجيب عبدالعظيم
700 1 _aاحمد محمد فتحى
700 1 _aفتحى على عسكر
300 _a369 ص
490 _aالهيئة العامة للاستعلامات
_v0
650 0 4 _aالزراعة
650 0 4 _aالصرف
650 0 4 _aالهندسة الزراعية
650 0 4 _aالرى
942 _2ddc
_cBK
999 _c47728
_d47728